000 00501nam a22001937a 4500
003 MPLRDC
005 20220104143454.0
008 210129b ||||| |||| 00| 0 eng d
020 _a983-169-125-3
082 _a544.18 FYL
100 _a冯以量
245 _a已亮的天空
_c
250 _a一版一刷
260 _a马来西亚
_b马来西亚华校董事联合会总会(董总)
_c2005
300 _b168
490 _a分享分想. 12
650 _a家庭冲突
942 _cBK
_o544.18 FYL
999 _c40241
_d40231